[Event "15th Unive op"]
[Site "Hoogeveen NED"]
[Date "2011.10.21"]
[Round "8.25"]
[White "Te Bokkel, Gert Jan"]
[Black "Rietveld, Renze"]
[Result "0-1"]
[WhiteElo "2034"]
[BlackElo "2291"]
[EventDate "2011.10.14"]
[PlyCount "64"]

1.e4 c5 2.f4 d5 3.exd5 Nf6 4.Bb5+ Nbd7 5.c4 a6 6.Bxd7+ Bxd7 7.Nf3 e6 8.Qe2
Be7 9.dxe6 Bxe6 10.d3 O-O 11.Nc3 Bf5 12.Ne4 Re8 13.O-O Bf8 14.Rd1 Qc7 15.
Ne5 Bxe4 16.dxe4 Bd6 17.Nd3 Rxe4 18.Qf1 Rae8 19.Bd2 h5 20.Nf2 Bxf4 21.Nxe4
Bxh2+ 22.Kh1 Rxe4 23.Bg5 Be5 24.Re1 Rg4 25.Qf5 Qc6 26.Re2 Ne4 27.Qxe5 Ng3+
28.Kh2 Nxe2 29.Qxe2 Rxg5 30.Rd1 g6 31.Rd8+ Kg7 32.Qd2 Rxg2+ 0-1

[Event "15th Unive op"]
[Site "Hoogeveen NED"]
[Date "2011.10.21"]
[Round "8.27"]
[White "Van Weersel, Arlette"]
[Black "Klapwijk, Bram"]
[Result "1-0"]
[WhiteElo "2191"]
[BlackElo "2025"]
[EventDate "2011.10.14"]
[PlyCount "53"]

1.e4 e6 2.d4 d5 3.Nc3 Nf6 4.e5 Nfd7 5.f4 c5 6.Nf3 Nc6 7.Be3 cxd4 8.Nxd4 
Bc5 9.Qd2 O-O 10.O-O-O a6 11.Kb1 Qe7 12.g4 f6 13.exf6 Nxf6 14.h3 Bd7 15.
Bg2 Kh8 16.Rhe1 Na5 17.Qd3 Qd6 18.Nxe6 Bxe6 19.Bxc5 Qxc5 20.Rxe6 Nc4 21.
Nxd5 Nxd5 22.Bxd5 Rfd8 23.Rde1 Nb6 24.c4 Rac8 25.Rh6 gxh6 26.Qc3+ Qd4 27.
Qxd4# 1-0

[Event "15th Unive op"]
[Site "Hoogeveen NED"]
[Date "2011.10.21"]
[Round "8.28"]
[White "Vinke, Maarten"]
[Black "Sadallah, Osama"]
[Result "1-0"]
[WhiteElo "2032"]
[BlackElo "2145"]
[EventDate "2011.10.14"]
[PlyCount "65"]

1.e4 c5 2.a3 g6 3.Bc4 Nc6 4.Nc3 Bg7 5.d3 Nf6 6.f4 d6 7.Nf3 Bg4 8.h3 Bxf3 
9.Qxf3 Nd4 10.Qf2 O-O 11.Nd5 e6 12.Nxf6+ Bxf6 13.O-O Bh4 14.Qd2 b5 15.Ba2 
c4 16.c3 Nb3 17.Bxb3 cxb3 18.Qd1 d5 19.Qxb3 dxe4 20.dxe4 Qd3 21.f5 exf5 
22.exf5 g5 23.Rf3 Qe2 24.Be3 h5 25.Qd1 Qxb2 26.Bxg5 Bxg5 27.Rg3 f6 28.h4 
Rad8 29.Qc1 Qe2 30.hxg5 h4 31.gxf6+ Kf7 32.Rg7+ Ke8 33.Qe1 1-0

[Event "15th Unive op"]
[Site "Hoogeveen NED"]
[Date "2011.10.21"]
[Round "8.29"]
[White "Hoffman, Ron"]
[Black "Baskin, Robert"]
[Result "0-1"]
[WhiteElo "2121"]
[BlackElo "2016"]
[EventDate "2011.10.14"]
[PlyCount "114"]

1.d3 c5 2.g3 d6 3.Bg2 g6 4.c4 Bg7 5.Nc3 Nc6 6.e4 e6 7.Nge2 Nge7 8.O-O O-O 
9.Rb1 a6 10.a4 Nd4 11.Nxd4 cxd4 12.Ne2 b5 13.b3 e5 14.Bg5 f6 15.Bd2 Qb6 
16.a5 Qb8 17.Qc2 Be6 18.Qa2 Nc6 19.h3 Rc8 20.f4 Qa7 21.f5 Bf7 22.Qa3 bxc4 
23.bxc4 Bxc4 24.dxc4 d3+ 25.Rf2 dxe2 26.Be3 Nd4 27.Qxd6 Rd8 28.Qa3 Nc2 29.
Bxa7 Nxa3 30.Rxe2 Nxb1 31.Bb6 Rd1+ 32.Kf2 Rd2 33.Bf3 Rc8 34.Ke3 Bh6+ 35.
Kf2 Bf8 36.fxg6 hxg6 37.Bg4 Rxe2+ 38.Kxe2 Rc6 39.Bd7 Rd6 40.Bc8 Nc3+ 41.
Ke1 Rd1+ 42.Kf2 Ra1 43.Bxa6 Bc5+ 44.Kf3 Bxb6 45.axb6 Rxa6 46.c5 Ra8 47.c6 
Nb5 48.Ke3 Kf7 49.Kd3 Ke7 50.Kc4 Nd6+ 51.Kb4 Ra6 52.b7 Rb6+ 53.Ka5 Rb5+ 
54.Ka6 Kd8 55.h4 Kc7 56.g4 Rb6+ 57.Ka7 Nb5+ 0-1

[Event "15th Unive op"]
[Site "Hoogeveen NED"]
[Date "2011.10.21"]
[Round "8.30"]
[White "Stavast, Dick"]
[Black "De Groot, Hendrik"]
[Result "1-0"]
[WhiteElo "2097"]
[BlackElo "1953"]
[EventDate "2011.10.14"]
[PlyCount "63"]

1.d4 d6 2.e4 Nf6 3.Nc3 g6 4.g3 Bg7 5.Bg2 O-O 6.Nge2 c6 7.O-O e5 8.h3 Nbd7 
9.a4 a5 10.Be3 exd4 11.Bxd4 Re8 12.g4 h6 13.Ng3 Nf8 14.Qd2 Ne6 15.Be3 Kh7 
16.Rad1 Bf8 17.f4 Nc7 18.g5 Ng8 19.f5 Qe7 20.Rde1 hxg5 21.Bxg5 Bh6 22.h4 
Qe5 23.Nce2 Re7 24.h5 gxh5 25.Nxh5 f6 26.Bxh6 Nxh6 27.Rf4 Bd7 28.Rh4 Rg8 
29.Nd4 Rg4 30.Rh3 Kg8 31.Nf3 Qc5+ 32.Kh1 1-0

[Event "15th Unive op"]
[Site "Hoogeveen NED"]
[Date "2011.10.21"]
[Round "8.31"]
[White "Van Lommel, Patrick"]
[Black "Beukema, Stefan"]
[Result "1-0"]
[WhiteElo "2111"]
[BlackElo "2259"]
[EventDate "2011.10.14"]
[PlyCount "89"]

1.d4 g6 2.c4 Bg7 3.Nc3 d6 4.e4 Nd7 5.Be2 e5 6.d5 Ne7 7.Be3 O-O 8.Qd2 f5 9.
f3 f4 10.Bf2 a5 11.Bd1 Nf6 12.g4 fxg3 13.hxg3 Bd7 14.Bc2 Qb8 15.Kf1 Qe8 
16.Kg2 h6 17.Be3 g5 18.Rf1 Ng6 19.Rf2 Nf4+ 20.Kf1 N6h5 21.Nce2 b5 22.c5 b4
23.c6 Bc8 24.gxf4 gxf4 25.Rfh2 fxe3 26.Qxe3 Nf4 27.Nxf4 exf4 28.Qd2 Qe5 
29.Rh5 Qxb2 30.Ne2 a4 31.e5 Bf5 32.Rxf5 Rxf5 33.Qd3 Rxe5 34.Qh7+ Kf8 35.
Rh4 Re3 36.Rxf4+ Ke7 37.Qf5 Bf6 38.Qh7+ Bg7 39.Qf5 Qa1+ 40.Kf2 Rxe2+ 41.
Kxe2 Bf6 42.Qe6+ Kf8 43.Rxf6+ Kg7 44.Qf7+ Kh8 45.Rxh6# 1-0

[Event "15th Unive op"]
[Site "Hoogeveen NED"]
[Date "2011.10.21"]
[Round "8.32"]
[White "Markus, John Raymond"]
[Black "Henseler, Jorgen"]
[Result "1-0"]
[WhiteElo "2167"]
[BlackElo "2073"]
[EventDate "2011.10.14"]
[PlyCount "89"]

1.d4 Nf6 2.c4 g6 3.Nc3 Bg7 4.e4 d6 5.Nf3 O-O 6.Be2 e5 7.O-O Nc6 8.d5 Ne7 
9.Ne1 Nd7 10.Be3 f5 11.f3 f4 12.Bf2 g5 13.b4 Ng6 14.c5 Nf6 15.a4 Rf7 16.a5
h5 17.cxd6 cxd6 18.Nb5 a6 19.Bb6 Qe7 20.Nc7 Rb8 21.Rc1 Bd7 22.b5 axb5 23.
Bxb5 Bxb5 24.Nxb5 Ne8 25.Rf2 Bf8 26.Nc7 Nxc7 27.Rxc7 Qe8 28.Rfc2 Rxc7 29.
Rxc7 Ne7 30.Qb3 Nc8 31.Bf2 b5 32.axb6 Qd8 33.Rc6 Ne7 34.Nc2 Qd7 35.Rc4 g4 
36.Qa4 Qxa4 37.Rxa4 Nc8 38.Ra6 g3 39.hxg3 fxg3 40.Be3 Be7 41.Nb4 Kf7 42.
Kf1 Ke8 43.Nc6 Rb7 44.Na5 Rb8 45.b7 1-0

[Event "15th Unive op"]
[Site "Hoogeveen NED"]
[Date "2011.10.21"]
[Round "8.33"]
[White "Fehr, Axel"]
[Black "Maatman, Nick"]
[Result "0-1"]
[WhiteElo "2163"]
[BlackElo "1980"]
[EventDate "2011.10.14"]
[PlyCount "92"]

1.c4 e5 2.g3 Nc6 3.Nc3 f5 4.Bg2 Nf6 5.Rb1 a5 6.a3 Bc5 7.d3 O-O 8.Nd5 Kh8 
9.e3 f4 10.gxf4 d6 11.Ne2 Bg4 12.f3 Bh5 13.O-O Nxd5 14.cxd5 Ne7 15.fxe5 
dxe5 16.Qc2 Bb6 17.Ng3 Bg6 18.Ne4 Nxd5 19.Re1 Nf4 20.Bf1 Qh4 21.Re2 Bxe4 
22.dxe4 Nxe2+ 23.Qxe2 Rf6 24.b3 Raf8 25.Bg2 Rh6 26.h3 Rg6 27.Bb2 Qg3 28.
Kh1 Rd8 29.Rg1 Qg5 30.Bc1 Qe7 31.Rf1 Qd7 32.Qb2 Re8 33.f4 exf4 34.exf4 Rg3
35.Kh2 Qd3 36.e5 Qxb3 37.Qe2 Rc3 38.Qh5 Re6 39.Rd1 c6 40.Qf5 Rg6 41.Qc8+ 
Qg8 42.Qxb7 Rc2 43.Qxb6 Rgxg2+ 44.Kh1 Rh2+ 45.Kg1 Rcg2+ 46.Kf1 Qc4+ 0-1

[Event "15th Unive op"]
[Site "Hoogeveen NED"]
[Date "2011.10.21"]
[Round "8.34"]
[White "Van Foreest, Lucas"]
[Black "Van der Veen, Jan"]
[Result "1-0"]
[WhiteElo "1918"]
[BlackElo "2115"]
[EventDate "2011.10.14"]
[PlyCount "63"]

1.e4 e5 2.Nf3 Nc6 3.Bb5 Nf6 4.Qe2 Bc5 5.c3 O-O 6.O-O d6 7.d3 h6 8.Nbd2 a6 
9.Ba4 Ba7 10.Rd1 Ng4 11.Rf1 f5 12.exf5 Bxf5 13.Bxc6 bxc6 14.h3 Nf6 15.Ne4 
Nh5 16.d4 Nf4 17.Bxf4 exf4 18.Ned2 Qd7 19.Qxa6 Bxh3 20.gxh3 Qxh3 21.Qxc6 
Rab8 22.Nh2 f3 23.Ndxf3 Rf6 24.Kh1 Rbf8 25.Qd5+ Kh8 26.Ng1 Qh4 27.f4 c6 
28.Qxc6 Rf5 29.a4 d5 30.Qg6 h5 31.Nf3 Qxf4 32.Ng5 1-0

[Event "15th Unive op"]
[Site "Hoogeveen NED"]
[Date "2011.10.21"]
[Round "8.35"]
[White "Go, Benjamin"]
[Black "Beerdsen, Thomas"]
[Result "1-0"]
[WhiteElo "2153"]
[BlackElo "2019"]
[EventDate "2011.10.14"]
[PlyCount "101"]

1.e4 c5 2.b4 cxb4 3.a3 d5 4.exd5 Qxd5 5.Nf3 Nc6 6.Bb2 Bg4 7.Be2 Nf6 8.axb4
Nxb4 9.O-O Nc6 10.d4 e6 11.h3 Bh5 12.c4 Qd7 13.g4 Bg6 14.d5 exd5 15.Bxf6 
gxf6 16.cxd5 Ne5 17.Nd4 Qxd5 18.Qa4+ Nd7 19.Nc3 Qc5 20.Bb5 O-O-O 21.Rfc1 
Bh6 22.Ne4 Qxc1+ 23.Rxc1+ Bxc1 24.Nd6+ Kc7 25.Bxd7 Kxd6 26.Bb5 a6 27.Qb4+ 
Kc7 28.Qc5+ Kb8 29.Nc6+ bxc6 30.Qb6+ Kc8 31.Qxc6+ Kb8 32.Qb6+ Kc8 33.Qc6+ 
Kb8 34.Qb6+ Kc8 35.Qxa6+ Kc7 36.Qc6+ Kb8 37.Qb6+ Kc8 38.Qc6+ Kb8 39.Ba6 
Rd1+ 40.Kg2 Be4+ 41.Qxe4 Rd7 42.Qb1+ Ka7 43.Qxc1 Rhd8 44.Bb5 Rb7 45.Bc6 
Rb6 46.Be4 Rd7 47.Bxh7 Rdb7 48.Be4 Rd7 49.Qa3+ Ra6 50.Qc5+ Rb6 51.Bc6 1-0

[Event "15th Unive op"]
[Site "Hoogeveen NED"]
[Date "2011.10.21"]
[Round "8.36"]
[White "Hendriks, Richard V"]
[Black "Kollen, Zyon"]
[Result "0-1"]
[WhiteElo "2136"]
[BlackElo "2112"]
[EventDate "2011.10.14"]
[PlyCount "121"]

1.a3 e5 2.e4 Nf6 3.Nc3 Nc6 4.g3 d5 5.exd5 Nxd5 6.Bg2 Be6 7.Nf3 Qd7 8.O-O 
O-O-O 9.Re1 f6 10.d4 exd4 11.Nxd4 Nxc3 12.bxc3 Bd5 13.Nxc6 Bxc6 14.Qxd7+ 
Bxd7 15.Be3 Kb8 16.Rab1 Bc8 17.h4 b6 18.a4 Bb7 19.Bh3 a5 20.h5 h6 21.Bf5 
Bd6 22.Bg6 Be5 23.c4 Bc3 24.Rec1 Bd2 25.Bxd2 Rxd2 26.c5 Ka7 27.cxb6+ cxb6 
28.Re1 Rd7 29.Bf5 Rd5 30.Be4 Rd7 31.Bf5 Rc7 32.Rbd1 Bc8 33.Bg6 Ba6 34.Rd6 
Bc4 35.Red1 Rhc8 36.Rb1 Rc6 37.Rd7+ R8c7 38.Rd8 Re7 39.Rbd1 Ba6 40.R1d7+ 
Rc7 41.Rd1 Bb7 42.g4 Bc6 43.R1d4 Red7 44.R8xd7 Rxd7 45.Rc4 Kb7 46.Bd3 Re7 
47.Rd4 Kc7 48.Kh2 Re5 49.Kg3 b5 50.axb5 Bxb5 51.Bxb5 Rxb5 52.Re4 Kc6 53.
Re6+ Kc5 54.Kf4 a4 55.Kf5 Kb4+ 56.Kf4 Ra5 57.Rb6+ Kc3 58.Rc6+ Kb2 59.Rb6+ 
Kc1 60.c4 a3 61.Re6 0-1

[Event "15th Unive op"]
[Site "Hoogeveen NED"]
[Date "2011.10.21"]
[Round "8.37"]
[White "Mol, Christiaan"]
[Black "Poelstra, Ben"]
[Result "0-1"]
[WhiteElo "2013"]
[BlackElo "2102"]
[EventDate "2011.10.14"]
[PlyCount "126"]

1.d4 Nf6 2.c4 e6 3.Nc3 Bb4 4.f3 d5 5.e3 O-O 6.Bd3 c5 7.a3 cxd4 8.axb4 dxc3
9.bxc3 dxc4 10.Bxc4 Qc7 11.Qb3 Bd7 12.Ne2 Nc6 13.Bd3 Ne5 14.c4 Rfd8 15.Bb2
Nxd3+ 16.Qxd3 Bb5 17.Qc3 Qxc4 18.Qxc4 Bxc4 19.Nf4 a6 20.Rd1 Kf8 21.Kf2 Ke7
22.Bd4 g6 23.Rc1 b5 24.Rhd1 Nd7 25.Nh3 e5 26.Bc3 f6 27.g4 Ke6 28.e4 g5 29.
Ra1 Bb3 30.Rd2 Ba4 31.Kg3 Nb6 32.Nf2 Rxd2 33.Bxd2 Rd8 34.Bc3 Nc4 35.h4 h6 
36.hxg5 hxg5 37.Rh1 Na3 38.Rh7 Rd6 39.Rc7 Bb3 40.Bb2 Nc4 41.Bc3 Ne3 42.Be1
Bc4 43.Bc3 Nc2 44.Kg2 Nd4 45.Be1 Be2 46.Rc3 Rc6 47.Rxc6+ Nxc6 48.Nh3 Nd4 
49.Ng1 Bd1 50.Bc3 Kd6 51.Kf2 Nc2 52.Kf1 Kc6 53.Kf2 a5 54.bxa5 b4 55.Bb2 
Kb5 56.a6 Kxa6 57.Nh3 Kb5 58.Nxg5 fxg5 59.Bxe5 b3 60.Bb2 Kc4 61.Kg3 Nb4 
62.f4 gxf4+ 63.Kh4 f3 0-1

[Event "15th Unive op"]
[Site "Hoogeveen NED"]
[Date "2011.10.21"]
[Round "8.38"]
[White "Van Foreest, Jorden"]
[Black "Majhi, Ankit"]
[Result "1-0"]
[WhiteElo "2153"]
[BlackElo "1760"]
[EventDate "2011.10.14"]
[PlyCount "63"]

1.c4 Nf6 2.Nc3 g6 3.g3 Bg7 4.Bg2 O-O 5.Nf3 Nc6 6.d4 d6 7.O-O a6 8.e4 Rb8 
9.Re1 e5 10.dxe5 dxe5 11.Qxd8 Rxd8 12.Nd5 Nxd5 13.cxd5 Nb4 14.Re2 c6 15.
Bd2 Nd3 16.Ba5 b6 17.dxc6 Rd6 18.Bc3 a5 19.Rd2 Ba6 20.Bxe5 Bxe5 21.Nxe5 
Re8 22.Nxd3 Rxd3 23.Rxd3 Bxd3 24.Rd1 Ba6 25.Bh3 Re7 26.Bd7 Rxe4 27.c7 Rc4 
28.Bb5 Bxb5 29.Rd8+ Kg7 30.c8=Q Rxc8 31.Rxc8 Bd3 32.a4 1-0

[Event "15th Unive op"]
[Site "Hoogeveen NED"]
[Date "2011.10.21"]
[Round "8.39"]
[White "Middelveld, Martine"]
[Black "Dijkhuis, Tycho"]
[Result "1-0"]
[WhiteElo "2143"]
[BlackElo "1873"]
[EventDate "2011.10.14"]
[PlyCount "119"]

1.d4 Nf6 2.c4 g6 3.f3 e5 4.dxe5 Nh5 5.Nh3 Nc6 6.Bg5 Be7 7.Bxe7 Qxe7 8.Nc3 
Qxe5 9.g4 Ng7 10.Qd2 O-O 11.O-O-O d6 12.Nd5 Ne8 13.Nf2 a6 14.g5 f5 15.gxf6
Nxf6 16.Nxc7 Rb8 17.Nd5 Nxd5 18.cxd5 Ne7 19.Bg2 Nf5 20.Ng4 Qg7 21.h4 Bd7 
22.Kb1 Rbe8 23.e4 Ng3 24.Rhe1 Kh8 25.Ne3 Qf6 26.Nc4 b5 27.Nb6 Bc8 28.Rc1 
Qxh4 29.Qd4+ Kg8 30.Rc7 Nh5 31.Qc3 Bh3 32.Rh1 b4 33.Qd4 Qd8 34.Bxh3 Qxc7 
35.Be6+ Rf7 36.Bxf7+ Qxf7 37.Rf1 a5 38.Nc4 Qc7 39.b3 Rf8 40.Qe3 Nf4 41.Rc1
Qe7 42.Qd2 Nh5 43.Rf1 Ng3 44.Rf2 Qf6 45.Qe3 Re8 46.Nxa5 Nf5 47.Qd3 Ng3 48.
Rc2 Rf8 49.Nc4 h5 50.e5 dxe5 51.d6 Rd8 52.Qd5+ Kh8 53.Nxe5 Rf8 54.d7 Kg7 
55.Nc6 h4 56.d8=Q Rxd8 57.Nxd8 h3 58.Rc7+ Kh6 59.Nf7+ Kg7 60.Ng5+ 1-0

[Event "15th Unive op"]
[Site "Hoogeveen NED"]
[Date "2011.10.21"]
[Round "8.40"]
[White "Lesman, Francis"]
[Black "Potze, Rudolf"]
[Result "1-0"]
[WhiteElo "2074"]
[BlackElo "2126"]
[EventDate "2011.10.14"]
[PlyCount "47"]

1.d4 Nf6 2.c4 g6 3.Nc3 d5 4.e3 Bg7 5.Qb3 dxc4 6.Bxc4 O-O 7.Nf3 Nc6 8.Be2 
e6 9.O-O Nd5 10.Rd1 Nb6 11.Qc2 Qe7 12.a3 Rd8 13.b4 Bd7 14.Bb2 Be8 15.Rac1 
Rac8 16.Ne4 Nd7 17.b5 Ncb8 18.Qb3 b6 19.a4 f6 20.Ba3 Qf7 21.Bc4 Nf8 22.d5 
Rd6 23.Nxd6 cxd6 24.dxe6 1-0

[Event "15th Unive op"]
[Site "Hoogeveen NED"]
[Date "2011.10.21"]
[Round "8.41"]
[White "Arp, Frans"]
[Black "Cox, Jan"]
[Result "1-0"]
[WhiteElo "2107"]
[BlackElo "2008"]
[EventDate "2011.10.14"]
[PlyCount "41"]

1.e4 e5 2.Nf3 Nc6 3.Bb5 a6 4.Ba4 Nf6 5.O-O Be7 6.Re1 b5 7.Bb3 d6 8.c3 O-O 
9.d3 Be6 10.Bc2 d5 11.Nbd2 Re8 12.Nf1 h6 13.Ng3 Qd7 14.d4 dxe4 15.Nxe4 Bg4
16.Nxf6+ Bxf6 17.Qd3 g6 18.Bxh6 exd4 19.Rad1 Rad8 20.Bb3 dxc3 21.Qxg6+ 1-0

[Event "15th Unive op"]
[Site "Hoogeveen NED"]
[Date "2011.10.22"]
[Round "9.1"]
[White "Tiviakov, Sergei"]
[Black "Lenderman, Aleksandr"]
[Result "1-0"]
[WhiteElo "2647"]
[BlackElo "2562"]
[EventDate "2011.10.14"]
[PlyCount "133"]

1.e4 c6 2.d4 d5 3.Nd2 dxe4 4.Nxe4 Bf5 5.Ng3 Bg6 6.Nh3 Nf6 7.Bc4 e6 8.Nf4 
Bd6 9.c3 Nbd7 10.Qf3 Qc7 11.O-O e5 12.Nxg6 hxg6 13.Bb3 O-O 14.Be3 exd4 15.
Bxd4 c5 16.Bxf6 Nxf6 17.Bc4 Rfe8 18.Rfd1 Rad8 19.a4 b6 20.Rd3 Be7 21.Nf1 
Rxd3 22.Qxd3 Qf4 23.Re1 Rd8 24.Qe2 Bd6 25.Bb5 Qg4 26.f3 Qc8 27.g3 Bf8 28.
Ne3 Qe6 29.Nc4 Qxe2 30.Rxe2 Rd1+ 31.Kg2 Bd6 32.Nxd6 Rxd6 33.Re7 Rd2+ 34.
Kh3 Rxb2 35.Rxa7 Rb3 36.Rxf7 Rxc3 37.Rb7 Rxf3 38.Rxb6 Ra3 39.Ra6 Kh7 40.a5
g5 41.Ra8 g6 42.a6 g4+ 43.Kg2 Nd5 44.Rd8 Ra2+ 45.Kg1 Ra1+ 46.Kf2 Ra2+ 47.
Ke1 Nc3 48.Bc4 Ra1+ 49.Kf2 Kh6 50.Rd7 Nd1+ 51.Ke2 Nb2 52.Bb5 c4 53.Rc7 Ra2
54.Ke3 Ra5 55.a7 c3 56.Kd4 c2 57.Rxc2 Na4 58.Ra2 Rxa7 59.Rxa4 Re7 60.Bd3 
Re1 61.Ra6 Rh1 62.Rxg6+ Kh5 63.Rg8 Kh6 64.Rh8+ Kg5 65.Be2 Ra1 66.Rg8+ Kh6 
67.Rxg4 1-0

[Event "15th Unive op"]
[Site "Hoogeveen NED"]
[Date "2011.10.22"]
[Round "9.2"]
[White "Nyzhnyk, Illya"]
[Black "Ernst, Sipke"]
[Result "0-1"]
[WhiteElo "2561"]
[BlackElo "2581"]
[EventDate "2011.10.14"]
[PlyCount "90"]

1.d4 Nf6 2.c4 e6 3.Nf3 c5 4.d5 exd5 5.cxd5 Bd6 6.Nc3 Bc7 7.e4 d6 8.Nd2 O-O
9.Be2 Re8 10.O-O a6 11.a4 Nbd7 12.Qc2 Rb8 13.f4 Ba5 14.Bd3 b5 15.axb5 axb5
16.Nxb5 c4 17.Nxc4 Rxb5 18.Nxd6 Rc5 19.Qe2 Qb6 20.Nxe8 Rxc1+ 21.Kh1 Rxf1+ 
22.Rxf1 Nxe8 23.Rc1 Bb7 24.e5 Nc5 25.Bc4 g6 26.Ba2 Bb4 27.Qe3 Ng7 28.e6 
fxe6 29.dxe6 Ngxe6 30.f5 gxf5 31.Qg5+ Kf7 32.Qxf5+ Ke8 33.Qh5+ Kd8 34.Rd1+
Kc8 35.Qe8+ Nd8 36.Bb1 Qf6 37.Qg8 h5 38.Qh7 Nde6 39.Bf5 Kb8 40.Bxe6 Nxe6 
41.Qg8+ Ka7 42.Qe8 Kb6 43.b3 Bc5 44.Qb8 Qb2 45.Qg8 Qe5 0-1

[Event "15th Unive op"]
[Site "Hoogeveen NED"]
[Date "2011.10.22"]
[Round "9.4"]
[White "Baklan, Vladimir"]
[Black "Grover, Sahaj"]
[Result "1/2-1/2"]
[WhiteElo "2617"]
[BlackElo "2514"]
[EventDate "2011.10.14"]
[PlyCount "82"]

1.e4 e6 2.d4 d5 3.e5 c5 4.c3 Nc6 5.Nf3 Bd7 6.Be2 Nge7 7.Na3 Nf5 8.Nc2 cxd4
9.cxd4 Be7 10.O-O Qb6 11.Bd3 Rc8 12.Rb1 Nb4 13.Nxb4 Bxb4 14.Kh1 Be7 15.g4 
Rxc1 16.Rxc1 Nxd4 17.Nxd4 Qxd4 18.f4 g5 19.Rc8+ Bd8 20.fxg5 Qxe5 21.Qf3 
Rf8 22.Ra8 Bc6 23.Qg3 Qxg3 24.hxg3 Rg8 25.Rxa7 Rxg5 26.b4 d4+ 27.Kh2 h5 
28.b5 Bd5 29.Ra8 hxg4 30.Rf4 Ke7 31.Rc8 f5 32.Kg1 Rh5 33.Kf1 Rh1+ 34.Ke2 
Rh2+ 35.Kf1 Kd7 36.Rxd8+ Kxd8 37.Rxd4 Rh1+ 38.Kf2 Rh2+ 39.Kf1 Rxa2 40.Bxf5
Kc7 41.Bxg4 Kd6 1/2-1/2

[Event "15th Unive op"]
[Site "Hoogeveen NED"]
[Date "2011.10.22"]
[Round "9.5"]
[White "Zherebukh, Yaroslav"]
[Black "Popilski, Gil"]
[Result "1-0"]
[WhiteElo "2580"]
[BlackElo "2381"]
[EventDate "2011.10.14"]
[PlyCount "63"]

1.e4 c5 2.Nf3 e6 3.d4 cxd4 4.Nxd4 a6 5.Nc3 Qc7 6.g3 Nc6 7.Bg2 d6 8.O-O Bd7
9.a4 Nf6 10.Nb3 Be7 11.f4 O-O 12.Kh1 Rad8 13.Qe2 Nb4 14.g4 d5 15.e5 Ne4 
16.Nxe4 dxe4 17.Bxe4 Bc6 18.c3 Nd3 19.Nd4 Bxe4+ 20.Qxe4 Qc4 21.Be3 Nxb2 
22.Qxb7 Qxc3 23.Nc6 Qxe3 24.Nxe7+ Kh8 25.Qxb2 Rfe8 26.Nc6 Rd2 27.Qa3 Rd3 
28.Qb4 Rb3 29.Qd4 Qe2 30.Rf2 Qxg4 31.Qd7 Rf8 32.Qe7 1-0

[Event "15th Unive op"]
[Site "Hoogeveen NED"]
[Date "2011.10.22"]
[Round "9.6"]
[White "Peelen, Piet"]
[Black "Brandenburg, Daan"]
[Result "1/2-1/2"]
[WhiteElo "2354"]
[BlackElo "2522"]
[EventDate "2011.10.14"]
[PlyCount "353"]

1.Nf3 Nf6 2.c4 e6 3.g3 c5 4.Bg2 a6 5.Nc3 Be7 6.O-O O-O 7.d4 cxd4 8.Nxd4 
Qc7 9.Qd3 Nc6 10.b3 b6 11.Bf4 Qb7 12.Rfd1 Ra7 13.Rac1 Qa8 14.Na4 Nb4 15.
Qb1 Bb7 16.Nxb6 Qd8 17.Na4 Bxg2 18.Kxg2 Qc8 19.Nf3 Rb7 20.Bd6 Bxd6 21.Rxd6
Qc7 22.Rd2 d6 23.Rcd1 Rd8 24.Kg1 h6 25.Nd4 Rbb8 26.a3 Nc6 27.Nxc6 Qxc6 28.
Qc2 Kf8 29.f3 Ke7 30.Kg2 g5 31.Rd3 Rd7 32.Qd2 Qc7 33.Qe3 Qc6 34.h3 Qc7 35.
c5 dxc5 36.Nxc5 Rxd3 37.Rxd3 Rb6 38.b4 Rc6 39.Qd2 a5 40.Rd4 axb4 41.axb4 
Qe5 42.Nd7 Nxd7 43.Rxd7+ Kf6 44.Kf2 Rb6 45.h4 Rb5 46.Rd4 Rd5 47.hxg5+ hxg5
48.Rxd5 exd5 49.Qe3 Qb2 50.Qc5 d4 51.Qd6+ Kg7 52.Qe5+ f6 53.Qe7+ Kg6 54.
Qe8+ Kh6 55.Qf8+ Kg6 56.Qg8+ Kh6 57.Qf8+ Kg6 58.Qe7 d3 59.Qe4+ Kh6 60.Qxd3
Qxb4 61.g4 Qc5+ 62.Qe3 Qd6 63.Kg2 Qc7 64.Qd4 Kg7 65.Kf2 Qe7 66.Qc4 Qa7+ 
67.Ke1 Qd7 68.Qd3 Qb7 69.Kd1 Qb2 70.Qd7+ Kg8 71.Qc8+ Kg7 72.Qc7+ Kg8 73.
Qc2 Qa1+ 74.Kd2 Qd4+ 75.Qd3 Qb2+ 76.Ke3 Qe5+ 77.Qe4 Qc3+ 78.Kf2 Kg7 79.
Qe7+ Kg6 80.Qe8+ Kg7 81.Qd7+ Kg8 82.Qa7 Kf8 83.Qe3 Qb4 84.Qc1 Qd4+ 85.Kf1 
Kg7 86.Qb1 Qa7 87.Qb4 Qa1+ 88.Kf2 Qa7+ 89.Ke1 Qd7 90.Qc5 Qd8 91.Qc3 Qd6 
92.Qd2 Qc6 93.Qd4 Qc1+ 94.Kf2 Kg6 95.Qd5 Kg7 96.Qd7+ Kg6 97.Qe7 Qc3 98.Qd6
Qc1 99.Qd5 Kg7 100.Qd7+ Kg8 101.Qd3 Kg7 102.Qd7+ Kg8 103.Qe6+ Kg7 104.Qa2 
Qc5+ 105.e3 Qc7 106.Kg2 Qe7 107.Qd2 Qc7 108.Qd3 Qa7 109.f4 Qb7+ 110.Kg3 
gxf4+ 111.exf4 Qa7 112.Kf3 Qb7+ 113.Qe4 Qd7 114.Qe3 Qb7+ 115.Kg3 Qd7 116.
Qc3 Kf7 117.Qb3+ Kg7 118.Qc3 Kf7 119.Qc4+ Kg7 120.Qe4 Qa7 121.Kf3 Qd7 122.
Kg3 Qa7 123.Kf3 Qd7 124.Qf5 Qe7 125.Qd5 Qe1 126.Qd7+ Kg8 127.Qc8+ Kg7 128.
Qb7+ Kg8 129.Qc8+ Kg7 130.Qc7+ Kg8 131.Qb8+ Kg7 132.Qa7+ Kg8 133.Qe3 Qh1+ 
134.Kg3 Qa1 135.f5 Kg7 136.Qe7+ Kg8 137.Qd8+ Kg7 138.Qc7+ Kg8 139.Qd8+ Kg7
140.Qd7+ Kg8 141.Qd5+ Kg7 142.Qd7+ Kg8 143.Qe6+ Kg7 144.Qe7+ Kg8 145.Kf2 
Qd4+ 146.Kf3 Qd3+ 147.Qe3 Qf1+ 148.Ke4 Qg2+ 149.Qf3 Qb2 150.Qd1 Qe5+ 151.
Kf3 Qc3+ 152.Kf2 Kg7 153.Qe2 Qc7 154.Kf3 Qb7+ 155.Qe4 Qc7 156.Ke2 Qd7 157.
Ke3 Qc7 158.Kd4 Qa7+ 159.Kd3 Qa3+ 160.Ke2 Qb2+ 161.Kf3 Qc3+ 162.Qe3 Qc6+ 
163.Kf2 Qc7 164.Qd4 Qc2+ 165.Ke3 Qc1+ 166.Kf2 Qc7 167.Kg2 Qb7+ 168.Kg3 
Qc7+ 169.Kf3 Qb7+ 170.Ke2 Qe7+ 171.Kd2 Qb7 172.Kc3 Qf3+ 173.Kb4 Qb7+ 174.
Ka5 Qc7+ 175.Kb5 Qb7+ 176.Kc4 Qc6+ 177.Kd3 1/2-1/2

[Event "15th Unive op"]
[Site "Hoogeveen NED"]
[Date "2011.10.22"]
[Round "9.7"]
[White "Voekler, Bernd"]
[Black "Van Eijk, Sander"]
[Result "1-0"]
[WhiteElo "2374"]
[BlackElo "2372"]
[EventDate "2011.10.14"]
[PlyCount "97"]

1.e4 c5 2.Nf3 Nc6 3.d4 cxd4 4.Nxd4 Nf6 5.Nc3 d6 6.Bg5 Bd7 7.Be2 a6 8.Bxf6 
gxf6 9.O-O e6 10.Nb3 Qc7 11.f4 O-O-O 12.Kh1 Kb8 13.Qd2 Na5 14.Nxa5 Qxa5 
15.b4 Qc7 16.Rab1 b5 17.Rf3 Bc6 18.a4 Qb7 19.axb5 axb5 20.Qd4 Be7 21.Ra1 
Rd7 22.Rg3 Bd8 23.Qd3 h5 24.f5 h4 25.Rh3 Bb6 26.Bf3 Bd8 27.Nd5 Qc8 28.fxe6
fxe6 29.Nf4 e5 30.Nd5 Qb7 31.Bg4 Rg7 32.Be6 Re8 33.Bf5 Bxd5 34.exd5 Reg8 
35.Rxh4 Rxg2 36.Be6 e4 37.Qf1 R8g7 38.Rh8 Qb6 39.Rxd8+ Qxd8 40.Qxb5+ Rb7 
41.Qa4 Rgg7 42.Qa8+ Kc7 43.Qa5+ Rb6 44.Ra3 Qb8 45.Rc3+ Kb7 46.Bc8+ Qxc8 
47.Rxc8 Kxc8 48.Qxb6 Rd7 49.Qf2 1-0

[Event "15th Unive op"]
[Site "Hoogeveen NED"]
[Date "2011.10.22"]
[Round "9.8"]
[White "Lambrechts, Koen"]
[Black "Van Delft, Merijn"]
[Result "0-1"]
[WhiteElo "2233"]
[BlackElo "2413"]
[EventDate "2011.10.14"]
[PlyCount "68"]

1.e4 c5 2.Nf3 d6 3.d4 cxd4 4.Nxd4 Nf6 5.Nc3 a6 6.Bg5 e6 7.f4 h6 8.Bh4 Qb6 
9.Qd2 Qxb2 10.Nb3 Be7 11.a3 Nxe4 12.Nxe4 Bxh4+ 13.g3 Bf6 14.Nxd6+ Ke7 15.
Ne4 Rd8 16.Qb4+ Ke8 17.Bd3 Nc6 18.Nxf6+ gxf6 19.Qe4 f5 20.Qe3 Nd4 21.Rd1 
Nxb3 22.cxb3 Bd7 23.O-O Bc6 24.Be2 Qxa3 25.Qc3 Rac8 26.h4 Ke7 27.Rxd8 Rxd8
28.g4 Qd6 29.g5 hxg5 30.fxg5 Qd4+ 31.Qxd4 Rxd4 32.h5 Rh4 33.Kf2 f4 34.Kg1 
Rh1+ 0-1

[Event "15th Unive op"]
[Site "Hoogeveen NED"]
[Date "2011.10.22"]
[Round "9.9"]
[White "De Jong, Migchiel"]
[Black "Schoorl, Rob"]
[Result "0-1"]
[WhiteElo "2370"]
[BlackElo "2276"]
[EventDate "2011.10.14"]
[PlyCount "78"]

1.d4 d5 2.c4 c6 3.Nf3 Nf6 4.Qc2 dxc4 5.Qxc4 Bg4 6.Nbd2 Nbd7 7.g3 e6 8.Bg2 
Be7 9.O-O O-O 10.Ne5 Bh5 11.Ndf3 Rc8 12.Nxd7 Nxd7 13.Bf4 b5 14.Qb3 Qb6 15.
a4 b4 16.Qe3 Nf6 17.Ne5 c5 18.Rfc1 Rfd8 19.Qd3 Nd5 20.a5 Nxf4 21.gxf4 Qb8 
22.e3 Bg6 23.Qa6 cxd4 24.Nc6 Rxc6 25.Rxc6 dxe3 26.fxe3 Bd3 27.Rc4 Bf6 28.
Rd1 Bxc4 29.Rxd8+ Qxd8 30.Qxc4 Qxa5 31.f5 exf5 32.Bd5 Qa1+ 33.Kg2 Qxb2+ 
34.Kf3 g6 35.Qc7 Kg7 36.Qxa7 Bh4 37.Qxf7+ Kh6 38.Qf8+ Kh5 39.Kf4 Qxh2+ 0-1

[Event "15th Unive op"]
[Site "Hoogeveen NED"]
[Date "2011.10.22"]
[Round "9.10"]
[White "Nakar, Eylon"]
[Black "Willemze, Thomas"]
[Result "0-1"]
[WhiteElo "2268"]
[BlackElo "2370"]
[EventDate "2011.10.14"]
[PlyCount "54"]

1.e4 c6 2.Nc3 d5 3.d4 dxe4 4.Nxe4 Bf5 5.Nc5 e5 6.Nxb7 Qb6 7.Nc5 exd4 8.Nb3
Bb4+ 9.Bd2 Nf6 10.Qe2+ Be6 11.O-O-O Bxd2+ 12.Qxd2 c5 13.Nf3 O-O 14.Ne5 a5 
15.Qg5 Bxb3 16.cxb3 a4 17.Nc4 Qb4 18.bxa4 Rxa4 19.Kb1 Ne4 20.Qh4 Nc3+ 21.
Kc2 Nxd1 22.Bd3 g6 23.a3 Rxa3 24.bxa3 Qc3+ 25.Kxd1 Qxd3+ 26.Nd2 Qxa3 27.
Ne4 Nd7 0-1

[Event "15th Unive op"]
[Site "Hoogeveen NED"]
[Date "2011.10.22"]
[Round "9.11"]
[White "Erwich, Frank"]
[Black "Goudriaan, Etienne"]
[Result "1/2-1/2"]
[WhiteElo "2365"]
[BlackElo "2250"]
[EventDate "2011.10.14"]
[PlyCount "76"]

1.c4 b6 2.Nc3 Bb7 3.e4 e6 4.Nf3 d6 5.d4 h6 6.Bd3 Nd7 7.O-O g6 8.Be3 Bg7 9.
Qd2 a6 10.b4 Ne7 11.Rab1 d5 12.cxd5 exd5 13.e5 Nf8 14.Nh4 g5 15.Nf5 Nxf5 
16.Bxf5 Bc8 17.Bc2 Ng6 18.Ne2 Be6 19.f4 gxf4 20.Nxf4 Nxf4 21.Rxf4 Qd7 22.
Qe2 h5 23.Rbf1 Bh6 24.Rf6 Bxe3+ 25.Qxe3 O-O-O 26.Bf5 Kb7 27.Bxe6 fxe6 28.
Rf7 Qb5 29.Qb3 Rhg8 30.R1f2 Rg4 31.Rc2 Rc8 32.Qc3 Qc4 33.Qxc4 dxc4 34.Rxc4
b5 35.Rc3 Rxd4 36.a3 Rd5 37.Re3 Rg8 38.Rc3 Rc8 1/2-1/2